"Rapsodie ungheresi n. 1, 2, 6 "Carnevale di Pesth", e 12 (Record n. 103607)
[ formato base ]
| 000 -LEADER | |
|---|---|
| fixed length control field | 01070njm a2200289Ia 4500 |
| 001 - CONTROL NUMBER | |
| control field | 24186 |
| 003 - CONTROL NUMBER IDENTIFIER | |
| control field | IT-RoPAU |
| 005 - DATE AND TIME OF LATEST TRANSACTION | |
| control field | 20220918181208.0 |
| 008 - FIXED-LENGTH DATA ELEMENTS--GENERAL INFORMATION | |
| fixed length control field | 131025s9999 xx 000 0 und d |
| 040 ## - CATALOGING SOURCE | |
| Original cataloging agency | IT-RoPAU |
| 040 ## - CATALOGING SOURCE | |
| Transcribing agency | IT-RoPAU |
| 999 ## - SYSTEM CONTROL NUMBERS (KOHA) | |
| Koha Dewey Subclass [OBSOLETE] | n.d. |
| 100 ## - MAIN ENTRY--PERSONAL NAME | |
| Personal name | Liszt Franz |
| 9 (RLIN) | 9432 |
| 100 ## - MAIN ENTRY--PERSONAL NAME | |
| Relator term | Autore musica |
| 9 (RLIN) | 9433 |
| 100 ## - MAIN ENTRY--PERSONAL NAME | |
| Miscellaneous information | Codice autore musica SPICS: 10789 |
| 9 (RLIN) | 9434 |
| 245 ## - TITLE STATEMENT | |
| Title | "Rapsodie ungheresi n. 1, 2, 6 "Carnevale di Pesth", e 12 |
| 250 ## - EDITION STATEMENT | |
| Edition statement | 1a ed. |
| 260 ## - PUBLICATION, DISTRIBUTION, ETC. (IMPRINT) | |
| Place of publication, distribution, etc. | ITALIA |
| 260 ## - PUBLICATION, DISTRIBUTION, ETC. (IMPRINT) | |
| Name of publisher, distributor, etc. | EMI - LA VOCE DEL PADRONE |
| 300 ## - PHYSICAL DESCRIPTION | |
| Extent | DISCO |
| 300 ## - PHYSICAL DESCRIPTION | |
| Dimensions | 44 minuti (Testo: pag.) |
| 500 ## - GENERAL NOTE | |
| General note | Musica classica, sinfonica. Arrangiamento. |
| 505 ## - FORMATTED CONTENTS NOTE | |
| Formatted contents note | Rapsodia ungherese n. 02 (arr. Muller-Berghaus) - Rapsodia ungherese n. 12 (arr. Liszt e Doppler) - Rapsodia ungherese n. 01 (arr. Liszt e Doppler) - Rapsodia ungherese n. 06 "Carnaval de Pest" (arr. Liszt-Doppler) |
| 511 ## - PARTICIPANT OR PERFORMER NOTE | |
| Participant or performer note | Orchestra sinfonica della Radio Bavarese diretta da Ludwig Leopold |
| 650 ## - SUBJECT ADDED ENTRY--TOPICAL TERM | |
| Topical term or geographic name as entry element | ARRANGIAMENTO [DISCHI] |
| Relator term | Codice MATERIA SPICS: 9950 |
| 9 (RLIN) | 9435 |
| 942 ## - ADDED ENTRY ELEMENTS (KOHA) | |
| Koha item type | DISCHI |
| Source of classification or shelving scheme | Dewey Decimal Classification |
| Withdrawn status | Lost status | Damaged status | Not for loan | Home library | Current library | Date acquired | Total Checkouts | Full call number | Date last seen | Price effective from | Koha item type | Public note |
|---|---|---|---|---|---|---|---|---|---|---|---|---|
| Buone Condizioni | Not For Loan | SPICS-MEDIATECA | SPICS-MEDIATECA | 25/10/2013 | 24186 | 25/10/2013 | 25/10/2013 | DISCHI | Progr. Ins.: 5033 / N.Vol.: 1 / Copie: 1 - Copia rara: n.d. / date import: 01.01.2014 - By Epidotti, Trombetti, Vaglietti |